History Analogies #4 - Statistics

General Stats
  • This quiz has been taken 73,361 times
    22,193 since last reset
  • The average score is 11 of 20
Answer Stats
This is to this … As … % Correct
Russia is to Soviet Union Serbia is to {Yugoslavia}
92%
Hong Kong is to the United Kingdom Macao is to {Portugal}
77%
Kriegsmarine is to Navy Luftwaffe is to {Air} {Force}
75%
Eli Whitney is to Cotton Gin Alfred Nobel is to {Dynamite}
67%
V-E Day is to Europe V-J Day is to {Japan}
66%
Globe Theatre is to London Ford's Theatre is to {Washington}
61%
Betamax is to VHS HD DVD is to {Blu}-{Ray}
60%
Greece is to Modern Olympics {Uruguay} is to FIFA World Cup
59%
Jim Crow is to the United States {Apartheid} is to South Africa
56%
Margaret Thatcher is to United Kingdom Golda Meir is to {Israel}
55%
MLXVI is to Battle of Hastings {MMI} is to September 11th
55%
William is to Mary Ferdinand is to {Isabella}
54%
Standard Oil is to Petroleum De Beers is to {Diamonds}
52%
Königsberg is to Kaliningrad Danzig is to {Gdańsk}
50%
Lindbergh is to Men {Earhart} is to Women
48%
Schönbrunn is to Austria {Versailles} is to France
41%
Beheading is to Anne Boleyn {Crucifixion} is to followers of Spartacus
39%
Ethelred is to Unready {Edward} is to Confessor
38%
Tommy is to British soldier {Jerry} is to German soldier
34%
Triumvirate is to Rome {Troika} is to Russia
9%
No matching quizzes found
Score Distribution
Percent of People with Each Score
Percentile by Number Answered
Your Score History
You have not taken this quiz since the last reset